00933nam a2200205 a 450000100100000000500170001000800410002704000250006808200170009310000400011024501320015026000450028230000500032750000320037759000260040970000330043595201210046895201210058999900170071000002514920200930023605.0110210s1989 pr abc r 000 0 spa d aDO-SdBNPbspacBNPHU axxxxxbS479s1 aSepúlveda Rivera, Aníbal95156810aSan Juan :bhistoria ilustrada de su desarrollo urbano, 1508-1898 /cAníbal Sepúlveda Rivera ; traducción Gloria Madrazo. aSan Juan, Puerto Rico :bCarimar,c1989. aiv, 335 p. :bil., mapas., retrs. ;c28.5 cm. aBibliografía : p. 316-328 aInventariado, 2019/BT1 aMadrazo, Gloria,etr.951569 001054708MOaGRbGRcHDd2011-02-10iLF1l0oxxxxx S479sp25149-10r2020-06-25w2020-06-25y4ZPréstamo en sala 001150718MOaPDbPDcMId2018-06-12iLF1l0oxxxxx S479sp25149-20r2020-06-25te. 2w2020-06-25y1ZNo se presta c24642d24642